000 01288cam a2200265 a 4500
008 740605s1974 ilu f 000 0 eng
020 _a0838931561
040 _aDLC
_c DLC
_d DLC
050 0 0 _aZ694
_b.A48 1974
092 0 4 _a025.32
_bA5896
_221
099 _a04
_a025.32 A5896
130 0 _aAnglo-American cataloging rules (North American text).
_pChapter 6
245 1 0 _aAnglo-American cataloging rules /
_cPrepared by the American Library Association, the Library of Congress, the Library Association, and the Canadian Library Association. North American text. Chapter 6: Separately published monographs, incorporating chapter 9, "Photographic and other reproductions," and revised to accord with the International Standard Bibliographic Description (Monographs)
260 _aChicago,
_bAmerican Library Association,
_c1974.
300 _avi, 122 p.
_c23 cm.
500 _a"The redrafting...for this revision was undertaken by Paul W. Winkler, Principal Descriptive Cataloger of the Library of Congress."
650 0 _aDescriptive cataloging
_xRules.
700 1 _aWinkler, Paul W.
_q(Paul Walter),
_eed.
710 2 _aAmerican Library Association.
710 2 _aLibrary of Congress.
902 _a3
905 _aEman
_eRev.
905 _aJamal
_eCat.
942 _2ddc
_cBK
999 _c103122
_d103122